Personality and religion
保存先:
| 第一著者: | |
|---|---|
| フォーマット: | 図書 |
| 言語: | Undetermined |
| 出版事項: |
Estados Unidos
Harper and Row
1970
|
| 主題: | |
| タグ: |
タグ追加
タグなし, このレコードへの初めてのタグを付けませんか!
|
MARC
| LEADER | 00000nam a2200000Ia 4500 | ||
|---|---|---|---|
| 008 | 170316s9999 xx 000 0 und d | ||
| 090 | |a 230 S-1p | ||
| 100 | |a Sadler, William A. | ||
| 245 | |a Personality and religion | ||
| 260 | |a Estados Unidos | ||
| 260 | |b Harper and Row | ||
| 260 | |c 1970 | ||
| 300 | |a 245 páginas | ||
| 650 | |a TEOLOGÍA | ||
| 999 | |c 18073 |d 18073 | ||
| 040 | |a cru BVZT | ||
| 942 | |c 15 D |h 230 S-1p |2 z | ||
